Statistics for Countries that have the most Car Accidents

Click here to take the quiz!

General Stats

  • This quiz has been taken 50 times
  • The average score is 8 of 10

Answer Stats

Accidents (2019)Countries% Correct
1,949,000United States of America
100%
56,006France
96%
300,143Germany
96%
104,080Spain
96%
105,791Canada
93%
123,212United Kingdom
93%
172,183Italy
91%
37,213Portugal
61%
174,896Turkey
61%
37,699Belgium
43%

Score Distribution

Percentile by Number Answered

Percent of People with Each Score

Your Score History

You have not taken this quiz